The algorithm design manual /

Бібліографічні деталі
Автор: Skiena, Steven S.
Формат: Книга
Мова:English
Опубліковано: London : Springer, c2008.
Редагування:Second edition
Предмети:
Classic Catalogue: View this record in Classic Catalogue
LEADER 02234nam a2200373 a 4500
001 21401
003 BD-DhAAL
008 101024s2008 enka b 001 0 eng d
999 |c 9863  |d 9863 
010 |a  2008931136 
020 |a 9781848000698 (hbk.) 
020 |a 1848000693 (hbk.) 
020 |a 1848000707 (ebook) 
020 |a 9781848000704 (ebook) 
040 |a UKM  |c UKM  |d YDXCP  |d OHX  |d BAKER  |d CDX  |d BWX  |d DLC  |d BD-DhAAL 
082 0 4 |a 005.1  |2 22 
100 1 |a Skiena, Steven S.  |9 37263 
245 1 4 |a The algorithm design manual /  |c Steven S. Skiena. 
250 |a Second edition 
260 |a London :  |b Springer,  |c c2008. 
300 |a xvi, 730 pages :  |b illustrations ;  |c 25 cm. 
500 |a Previous ed.: 1997. 
504 |a Includes bibliographical references and index. 
541 1 |a Trim Education  |e 21401, 36616, 36617, 36618, 36619, 36620 
650 0 |a Computer algorithms.  |9 37264 
650 0 |a Computer science.  |9 42434 
852 4 |a Ayesha Abed Library   |j General Stacks 
942 |2 ddc  |c BK 
952 |0 0  |1 0  |2 ddc  |4 0  |6 005_100000000000000_SKI_2008  |7 0  |9 12683  |a BRACUL  |b BRACUL  |c GEN  |d 2010-10-24  |e TRIM EDUCATION  |g 5250.00  |l 24  |m 191  |o 005.1 SKI  |p 3010021401  |r 2023-08-14  |s 2023-08-01  |t 1  |w 2010-10-24  |y BK 
952 |0 0  |1 0  |2 ddc  |4 0  |6 005_100000000000000_SKI  |7 0  |9 67084  |a BRACUL  |b BRACUL  |c GEN  |d 2019-11-06  |e Trim Education  |g 4750.00  |l 5  |m 102  |o 005.1 SKI  |p 3010036616  |q 2026-04-15  |r 2025-09-18  |s 2025-09-18  |t 2  |v 4750.00  |w 2019-11-06  |y BK 
952 |0 0  |1 0  |2 ddc  |4 0  |6 005_100000000000000_SKI  |7 0  |9 67085  |a BRACUL  |b BRACUL  |c GEN  |d 2019-11-06  |e Trim Education  |g 4750.00  |l 7  |m 53  |o 005.1 SKI  |p 3010036617  |q 2026-05-14  |r 2026-03-08  |s 2026-03-08  |t 3  |v 4750.00  |w 2019-11-06  |y BK 
952 |0 0  |1 0  |2 ddc  |4 0  |6 005_100000000000000_SKI  |7 0  |9 67086  |a BRACUL  |b BRACUL  |c GEN  |d 2019-11-06  |e Trim Education  |g 4750.00  |l 7  |m 85  |o 005.1 SKI  |p 3010036618  |r 2026-03-30  |s 2026-02-24  |t 4  |v 4750.00  |w 2019-11-06  |y BK 
952 |0 0  |1 0  |2 ddc  |4 0  |6 005_100000000000000_SKI  |7 0  |9 67087  |a BRACUL  |b BRACUL  |c GEN  |d 2019-11-06  |e Trim Education  |g 4750.00  |l 3  |m 57  |o 005.1 SKI  |p 3010036619  |r 2025-08-07  |s 2025-03-23  |t 5  |v 4750.00  |w 2019-11-06  |y BK 
952 |0 0  |1 0  |2 ddc  |4 0  |6 005_100000000000000_SKI  |7 0  |9 67088  |a BRACUL  |b BRACUL  |c GEN  |d 2019-11-06  |e Trim Education  |g 4750.00  |l 10  |m 69  |o 005.1 SKI  |p 3010036620  |r 2026-05-04  |s 2025-10-20  |t 6  |v 4750.00  |w 2019-11-06  |y BK